00973cam a22002774a 45000010009000000050017000090080041000260100017000670200018000840250023001020400018001250420010001430430030001530500021001831000020002042450080002242460061003042600037003653000026004025040051004286000023004796000045005026510045005476510055005926510048006471543800820170105102917.0080904s2008 pk b 001 0 eng  a 2008344259 a9789694025100 aP-E-2008344259; 28 aDLCcDLCdDLC alcode aa-pk---an-us---aaw-----00aDS389b.F36 20081 aFaruqui, Ahmad.10aMusharraf's Pakistan, Bush's America & the Middle East /cby Ahmed Faruqui.1 aMusharraf's Pakistan, Bush's America and the Middle East aLahore :bVanguard Books,c2008. axiv, 235 p. ;c24 cm. aIncludes bibliographical references and index.10aMusharraf, Pervez.10aBush, George W.q(George Walker),d1946- 0aPakistanxPolitics and governmenty1988- 0aUnited StatesxPolitics and governmenty2001-2009. 0aMiddle EastxPolitics and governmenty1979-